| 000 | 01736nam a2200361 i 4500 | ||
|---|---|---|---|
| 001 | 000038517 | ||
| 003 | DO-SdBNP | ||
| 005 | 20260415113555.0 | ||
| 007 | ta | ||
| 008 | 090716s1995 dr 000 0 spa d | ||
| 040 |
_aDO-SdBNP _bspa _cBNPHU _erda |
||
| 041 | _aspa | ||
| 082 | 4 |
_a923.2 _bG984h 1995 _222 |
|
| 100 | 1 |
_aGutiérrez Félix, Euclides, _d1936- _eautor _4aut. _95673 |
|
| 245 | 1 | 0 |
_aHéroes y próceres americanos / _cEuclides Gutiérrez Félix. |
| 250 | _aprimera edición | ||
| 264 | 4 |
_aSanto Domingo, República Dominicana : _bSecretaría de Estado de Educación, Bellas Artes y Cultos, _c©1995. |
|
| 300 |
_a118 páginas ; _c24 cm. |
||
| 336 |
_atexto _btxt _2rdacontent |
||
| 337 |
_asin mediación _bn _2rdamedia |
||
| 338 |
_avolumen _bnc _2rdacarrier |
||
| 500 | _aIncluye referencias bibliográficas y notas al pie de las páginas. | ||
| 504 | _aBibliografía: páginas 115-118 | ||
| 505 |
_aIntroducción-- _tLautaro / _rThomas Jefferson / _rMiguel Hidalgo / _rSimón Bolivar / _rAntonio José de Sucre / _rJosé de San Martín / _rBernardo O Higgins / _rJosé María Morelos / _rToussaint Louverture / _rDessalines / _rAbraham Lincoln / _rFrancisco Morazan / _rBenito Juarez / _rMáximo Gómez / _rAntonio Maceo / _rJosé Martí / _rAugusto César Sandino / _tBibliografía. |
||
| 590 | _aInventariado, 2024/BT | ||
| 650 | 7 |
_aRevolucionarios _xBiografía _zRepública Dominicana _2LIBRUNAM _912091 |
|
| 650 | 4 |
_aHéroes _xBiografía _zRepública Dominicana _2LIBRUNAM _912092 |
|
| 650 | 4 |
_aJefes de estado _xBiografía _zRepública Dominicana _912093 |
|
| 650 | 4 |
_aHéroes _xBiografía _zAmérica _912094 |
|
| 651 | 7 |
_aRepública Dominicana _xBiografía _91325 |
|
| 910 | _aValidado. Control de calidad MFF | ||
| 942 |
_2ddc _cLBS1 |
||
| 999 |
_c38007 _d38007 |
||